1367 1204 1821 1322 1957 1213 1827 1618 1810 1180 1057 1272 1585 1914 1913 1932 1650 1450 1004 1796 1635 1652 1299 1577 1794 1995 1557 1401 1401 1942 1113 1594 1009 1233 1816 1976 1038 1913 1898 1446 1247 1542 1708 1946 1258 1422 1760 1134 1060 1784 1396 1327 1386 1773 1730 1975 1660 1781 1461 1475 1612 1090 1914 1140 1592 1850 1683 1423 1417 1352 1415 1124 1845 1442 1630 1024 1814 1613 1339 1701 1677 1920 1727 1428 1539 1291 1106 1027 1321 1256 1386 1192 1395 1928 1559 1665 1178 1595 1928 BCNSPRNW ULIB Ver.6.0+V

เปลี่ยนเป็นภาษาไทย

Change to English
 แสดงรายละเอียดบรรณานุกรม
  กลับหน้าหลัก

Brief Record : Get Marc (ISO 2709) : E-mail record : QR code < ปิดหน้าต่าง
LEADER : 00000nam 2200000uu 4500
001    13399124974
003     ULIB
008    160527s2559||||th 000 0 tha d
020    ^a9786161128302
060  0 ^aWA541.JT3 ป435
100 0  ^aธีระ รามสูต
245 00 ^aประวัติศาสตร์โรคเรื้อนในประเทศไทย/^bธีระ รามสูต;ผู้เขียน
250    ^aพิมพ์ครั้งที่ 1
260    ^aกรุงเทพฯ:^bมูลนิธิราชประชาสมาสัยในพระบรมราชูปถัมภ์;^c2559
300    ^a400 หน้า:^bภาพประกอบ;^c24 ซม
650  4 ^aการบริหารสาธารณสุข -- ไทย
650  4 ^aโรค -- การป้องกันและควบคุม -- มาตรฐาน
650 ^a โรคติดต่อ -- การป้องกันและควบคุม
650  0 ^aโรคติดต่อ -- การป้องกันและควบคุม
650  0 ^aสุขภาพ
945    ^p0^l0^i000959
999    ^aเกษร โพธิ์สุวรรณ
รายการนี้ยังไม่มีแท็ก
คุณยังไม่ได้ล็อกอิน คุณสามารถมีกิจกรรมร่วมกับเว็บไซต์ได้ แต่ต้องล็อกอินก่อน ::
  ล็อกอิน

รายการสื่อสารสนเทศ

ลำดับที่ ประเภท เลขเรียก/บาร์โค้ด สถานที่ สถานะ
1. วิทยาศาสตร์การแพทย์ และสุขภาพ
วิทยาศาสตร์การแพทย์ และสุขภาพ
สถานะ=หนังสือเก่า
WA541.JT3 ป435 ฉ.1 
  Barcode: 000959
ห้องสมุดวิทยาเขตสวรรค์ประชารักษ์
►ส่วนจัดเก็บหนังสือเก่า สปร
บนชั้น
  ขอยืม

รายการใกล้เคียง
    หัวเรื่อง [สุขภาพ]

BibComment


ยังไม่เคยถูกคอมเมนท์

คอมเมนท์ทรัพยากรรายการนี้
  คอมเมนท์: ประวัติศาสตร์โรค..


 Copyright 2026. Bcnsprnw @Library